<?xml version="1.0" encoding="UTF-8"?>
<collection xmlns="http://www.loc.gov/MARC21/slim">
 <record>
  <leader>00794nam a22002051  4500</leader>
  <controlfield tag="001">1/13866</controlfield>
  <controlfield tag="008">981023s1969    enk            000  eng d</controlfield>
  <datafield tag="035" ind1=" " ind2=" ">
   <subfield code="l">14326</subfield>
  </datafield>
  <datafield tag="040" ind1=" " ind2=" ">
   <subfield code="a">DLC</subfield>
   <subfield code="b">GR-PeUP</subfield>
  </datafield>
  <datafield tag="082" ind1="0" ind2="0">
   <subfield code="a">330.08 PE</subfield>
  </datafield>
  <datafield tag="100" ind1="1" ind2=" ">
   <subfield code="a">Peacock, Alan T.,</subfield>
   <subfield code="d">1922-</subfield>
  </datafield>
  <datafield tag="245" ind1="1" ind2="0">
   <subfield code="a">Economic aspects of students unrest/</subfield>
   <subfield code="c">Alan T. Peacock; Antony J. Culyer.</subfield>
  </datafield>
  <datafield tag="260" ind1=" " ind2=" ">
   <subfield code="a">Westminster:</subfield>
   <subfield code="b">The Institute of Economic Affairs,</subfield>
   <subfield code="c">1969.</subfield>
  </datafield>
  <datafield tag="300" ind1=" " ind2=" ">
   <subfield code="a">23p.;</subfield>
   <subfield code="c">22cm.</subfield>
  </datafield>
  <datafield tag="650" ind1=" " ind2="4">
   <subfield code="a">Universities and colleges</subfield>
   <subfield code="z">Great Britain</subfield>
   <subfield code="x">Finance.</subfield>
  </datafield>
  <datafield tag="650" ind1=" " ind2="4">
   <subfield code="a">College students</subfield>
   <subfield code="z">Great Britain.</subfield>
  </datafield>
  <datafield tag="700" ind1="1" ind2=" ">
   <subfield code="a">Culyer, Anthony J.</subfield>
  </datafield>
  <datafield tag="710" ind1="2" ind2=" ">
   <subfield code="a">Institute of Economic Affairs (Great Britain)</subfield>
  </datafield>
  <datafield tag="830" ind1=" " ind2=" ">
   <subfield code="a">Institute of Economic Affairs (Great Britain) Occasional paper ;</subfield>
   <subfield code="v">26</subfield>
  </datafield>
  <datafield tag="852" ind1=" " ind2=" ">
   <subfield code="a">INST</subfield>
   <subfield code="b">UNIPILB</subfield>
   <subfield code="c">MAIN</subfield>
   <subfield code="e">20040709</subfield>
   <subfield code="h">330.08 PE</subfield>
   <subfield code="p">00112517</subfield>
   <subfield code="q">00112517</subfield>
   <subfield code="t">LOAN</subfield>
   <subfield code="y">0</subfield>
   <subfield code="4">1</subfield>
  </datafield>
 </record>
</collection>
